LIBRARY & INFORMATION CENTRE, KCAET, TAVANUR

ONLINE PUBLIC ACCESS CATALOGUE (OPAC)

Engineering drawing / (Record no. 1914)

MARC details
000 -LEADER
fixed length control field 00430cam a2200181ua 4500
041 ## - LANGUAGE CODE
Language code of text/sound track or separate title eng
082 ## - DEWEY DECIMAL CLASSIFICATION NUMBER
Classification number 604.2
Item number BOG/EN
100 ## - MAIN ENTRY--AUTHOR NAME
Personal name Bogolyabov, S .
245 ## - TITLE STATEMENT
Title Engineering drawing /
260 ## - PUBLICATION, DISTRIBUTION, ETC. (IMPRINT)
Place of publication Moscow :
Name of publisher MIR Publishers ,
Year of publication 1983.
300 ## - PHYSICAL DESCRIPTION
Number of Pages 352 ; .
700 1# - ADDED ENTRY--PERSONAL NAME
Personal name Volnov, A .
942 ## - ADDED ENTRY ELEMENTS (KOHA)
Koha item type Books
Holdings
Withdrawn status Lost status Damaged status Home library Current library Date acquired Full call number Accession Number Koha item type
      KAUAET KAUAET 07/04/2012 604.2 BOG/EN 18910 Books
free website counter